00937cam a22002651 4500001001300000003000400013005001700017008004100034010001700075035001900092040003600111042001200147050002100159082001200180111007500192245001200267260008200279300001900361500014100380504002900521650002300550710004900573710003200622999001700654agr60000306 DLC20260227111020.0780201s1959 dcu b 100 0 eng c aagr60000306  a(OCoLC)3595737 aU.S. Natl. Agr. Libr.cNbUdDLC apremarc00aSF95b.I645 1959 a636.0842 aInternational Animal Feed Symposiumn(1st :d1959 :cWashington, D.C.)00aPapers. a[Washington,bForeign Agricultural Service, U.S. Dept. of Agriculture,c1959] a165 p.c24 cm. a"Sponsored by the U.S. Department of Agriculture, Foreign Agricultural Service in cooperation with the Soybean Council of America, Inc." aIncludes bibliographies. 0aFeedsvCongresses.1 aUnited States.bForeign Agricultural Service2 aSoybean Council of America. c11733d11733